• 首页
  • 本馆介绍
  • 公告通知
  • 最新文献
  • 馆藏检索
  • 电子资源
  • 读者导购
  • 参考咨询
  • 我的图书馆
  • 登录
  • 详细信息显示
  • 放入我的书架
  • 预约/预借图书
  • 作者相关作品
  • 分类相关作品
  • 丛书相关作品
  • 出版社相关作品

书目信息

  • 表格格式
  • 工作单格式
  • 卡片格式
题名:
语文教学方法论
    
 
作者: 张鸿苓 等编
分册:  
出版信息: 北京   北京师范大学出版社  1982
页数: 385页
开本: 21cm
丛书名:
单 册:
中图分类: G633.3 , H193 , H09
科图分类:
主题词: 汉语--教学法 , 语言教学
电子资源:
ISBN:
000 00653nam0 2200253 450
001 1535479203
005 20150121095152.46
010    @dCNY1.15
091    @a7243.35@dCNY1.15
100    @a20060608d1982 emky0chiy0120 ea
101 0  @achi
102    @aCN@b110000
105    @ay z 000yy
200 1  @a语文教学方法论@9yu wen jiao xue fang fa lun@f张鸿苓等编
210    @a北京@c北京师范大学出版社@d1982
215    @a385页@d21cm
606 0  @a汉语@x教学法
606 0  @a语言教学
690    @aG633.3@v5
690    @aH193@v5
690    @aH09@v4
701  0 @a张鸿苓@9zhang hong ling@4等编
801  0 @aCN@bTSSF@c20150121
905    @aZUCC@dH09@eJY51
    
    语文教学方法论/张鸿苓等编.-北京:北京师范大学出版社,1982
    385页;21cm
    
    
    ISBN :CNY1.15
    
●
相关链接 在E读中查询图书 在五车中查询图书 在当当中查询图书 在豆瓣中查询图书


正题名:语文教学方法论     索取号:H09/JY51         预约/预借

序号 登录号 条形码 馆藏地/架位号 状态 备注
1 7849937   278499377   学院路分馆/ [索取号:H09/JY51] 在馆    
唐山师范学院图书馆 欢迎您!
大连网信软件有限公司© 版权所有